|
|
|
|
| LEADER |
01096nam a2200229 a 4500 |
| 001 |
GR-MES4101 |
| 008 |
991111s1993 gr 000 0 gre d |
| 020 |
|
|
|a 9608543444
|
| 040 |
|
|
|a GrPaTEI
|b gre
|c GR-PaULI
|
| 245 |
0 |
3 |
|a Το άμεσο κόστος και οι επιχειρηματικές αποφάσεις =
|b (Direct cost and business decisions).
|
| 250 |
|
|
|a 2η
|
| 260 |
|
|
|a Αθήνα :
|b [χ.ό.],
|c 1993
|
| 300 |
|
|
|a 190σελ.
|
| 650 |
|
4 |
|a ΑΜΕΣΟ ΚΟΣΤΟΣ
|
| 650 |
|
4 |
|a ΕΠΙΧΕΙΡΗΜΑΤΙΚΕΣ ΑΠΟΦΑΣΕΙΣ
|
| 650 |
|
4 |
|a ΚΟΣΤΟΣ
|
| 700 |
1 |
|
|a Βαρβάκη, Κ.
|
| 942 |
|
|
|2 ddc
|
| 952 |
|
|
|0 0
|1 0
|2 ddc
|4 0
|6 338_510000000000000_ΒΑΡ
|7 0
|9 268759
|a MSLG
|b MSLG
|c BSC
|d 2021-01-17
|e 24
|f 0
|g 0.00
|l 0
|o 338.51 ΒΑΡ
|p 2420000014463
|r 2021-01-17 00:00:00
|t 1
|w 2021-01-17
|y BK15
|x 19991111 0 1
|x GrPaTEI
|
| 952 |
|
|
|0 0
|1 0
|2 ddc
|4 0
|6 338_510000000000000_ΒΑΡ
|7 0
|9 268760
|a MSLG
|b MSLG
|c BSC
|d 2021-01-17
|e 24
|f 0
|g 0.00
|l 0
|o 338.51 ΒΑΡ
|p 2420000015248
|r 2021-01-17 00:00:00
|t 1
|w 2021-01-17
|y BK15
|x 19991111 0 1
|x GrPaTEI
|
| 971 |
|
|
|a .b25751475
|b 16-04-20
|c 13-09-16
|
| 999 |
|
|
|c 154900
|d 154900
|